| 000 | 01153nam0a2200301 4500 | ||
|---|---|---|---|
| 001 | RU\NLR\ONL2\17966 | ||
| 005 | 20260215043529.0 | ||
| 035 | _a(NLR Aleph) 009665551 | ||
| 090 |
_a13546908 _c13546908 |
||
| 100 | _a20100709d1954 u y0rusy50 ca | ||
| 101 | 0 | _aaze | |
| 102 | _aAZ | ||
| 105 | _aa ||||||||| | ||
| 200 | 1 |
_aКәнд тәсәррүфат hеjванларында дабаг хәстәлиjи вә онунла мүбаризә _fМ. Г. Гәниев |
|
| 210 |
_aБакы _cАзэрнэшр _d1954 |
||
| 215 |
_a48 с. _cил. _d20 |
||
| 225 | 1 | _aКолхозчу китабханасы | |
| 541 | 1 |
_6z01790 _aЯщур сельскохозяйственных животных и борьба с ним _zrus |
|
| 606 | 0 |
_aЯщур _xБорьба с ним _92040261 _3RU\NLR\auth\661224596 |
|
| 686 | 1 | _aП84 | |
| 700 | 1 |
_aГәниjев _bМ. Г. _gМәмммәдтағы Гасым оғлу _4070 |
|
| 790 | 1 |
_6z01541 _aГаниев _bМ. Г. _gМаммедтаги Гасым оглы _4070 |
|
| 801 | 0 |
_aRU _bNLR _c20100709 _gPSBO |
|
| 852 |
_aNLR _bОНЛ _jАзерб./2-7505 |
||
| 942 | _cBOOK | ||
| 980 | _aONL_RF | ||
| 980 | _aNB | ||